| 000 | 00687cab a2200229 4500 | ||
|---|---|---|---|
| 001 | WB2609-46 | ||
| 008 | 090401t1990 xxu||||| |||| 00| 0 eng d | ||
| 035 | _a(Sirsi) u73670 | ||
| 041 | _aeng | ||
| 245 | _aSurveyors back Olympic team | ||
| 260 | _c1990 | ||
| 350 | _a0 | ||
| 490 |
_aEstates Times _vno 1035, 23/2/90 p60 |
||
| 520 | _aRichard Ellis is the first company associated with property to become an official sponsor for a British Olympic team . | ||
| 650 | _aADVERTISING | ||
| 650 | _aBARCELONA | ||
| 650 | _aABOUT RICS-RICS MEMBERS | ||
| 650 | _aSPONSORSHIP | ||
| 690 | _aMANAGEMENT-BUSINESS MANAGEMENT-PROFESSIONAL PRACTICE | ||
| 942 | _n0 | ||
| 948 | _c04/03/1997 | ||
| 999 |
_c46523 _d46523 |
||